Deutschlands Aussenpolitik, 1933-1940 / (Record no. 89876)

MARC details
000 -LEADER
fixed length control field 01037cam a2200265 a 4500
001 - CONTROL NUMBER
control field sd 41000064
003 - CONTROL NUMBER IDENTIFIER
control field DLC
005 - DATE AND TIME OF LATEST TRANSACTION
control field 20260227112734.0
008 - FIXED-LENGTH DATA ELEMENTS--GENERAL INFORMATION
fixed length control field 760131s1940 gw 001 0 ger c
010 ## - LIBRARY OF CONGRESS CONTROL NUMBER
LC control number sd 41000064
040 ## - CATALOGING SOURCE
Original cataloging agency U. S. Dept. of State. Libr.
Transcribing agency DLC
Modifying agency DLC
043 ## - GEOGRAPHIC AREA CODE
Geographic area code e-gx---
-- e-----
050 00 - LIBRARY OF CONGRESS CALL NUMBER
Classification number DD253
Item number .F63 1940
100 1# - MAIN ENTRY--PERSONAL NAME
Personal name Freytagh-Loringhoven, Axel,
Titles and words associated with a name Freiherr von,
Dates associated with a name 1878-1942.
245 10 - TITLE STATEMENT
Title Deutschlands Aussenpolitik, 1933-1940 /
Statement of responsibility, etc. von Axel Freiherrn von Freytagh-Loringhoven.
250 ## - EDITION STATEMENT
Edition statement 7. Aufl.
260 ## - PUBLICATION, DISTRIBUTION, ETC.
Place of publication, distribution, etc. Berlin :
Name of publisher, distributor, etc. Verlagsanstalt Otto Stollberg,
Date of publication, distribution, etc. [c1940]
300 ## - PHYSICAL DESCRIPTION
Extent 288 p. ;
Dimensions 21 cm.
500 ## - GENERAL NOTE
General note "32.-35.Tausend."
510 4# - CITATION/REFERENCES NOTE
Name of source NUC pre-1956
Location within source NF 0380504
500 ## - GENERAL NOTE
General note Includes index.
561 ## - OWNERSHIP AND CUSTODIAL HISTORY
Institution to which field applies DLC
651 #0 - SUBJECT ADDED ENTRY--GEOGRAPHIC NAME
Geographic name Germany
General subdivision Foreign relations
Chronological subdivision 1933-1945.
651 #0 - SUBJECT ADDED ENTRY--GEOGRAPHIC NAME
Geographic name Europe
General subdivision Politics and government
Chronological subdivision 1918-1945.

No items available.

Powered by Koha